Online
Catalog

5000 años de historia / (Record no. 39586)

MARC details
000 -CABECERA
campo de control de longitud fija 00689nam a2200217 a 4500
001 - NÚMERO DE CONTROL
campo de control 000040096
005 - FECHA Y HORA DE LA ÚLTIMA TRANSACCIÓN
campo de control 20250429110432.0
008 - DATOS DE LONGITUD FIJA--INFORMACIÓN GENERAL
campo de control de longitud fija 130806s1966 sp 000 0 spa d
040 ## - FUENTE DE LA CATALOGACIÓN
Centro catalogador/agencia de origen DO-SdBNP
Lengua de catalogación spa
Centro/agencia transcriptor BNPHU
082 ## - NÚMERO DE LA CLASIFICACIÓN DECIMAL DEWEY
Número de clasificación 909
Número de documento/Ítem R811c
100 1# - ENTRADA PRINCIPAL--NOMBRE DE PERSONA
Nombre de persona Roselló Mora, María
9 (RLIN) 66360
245 10 - MENCIÓN DE TÍTULO
Título 5000 años de historia /
Mención de responsabilidad, etc. María Roselló Mora.
246 10 - FORMA VARIANTE DE TÍTULO
Título propio/Titulo breve Cinco mil años de historia
260 ## - PUBLICACIÓN, DISTRIBUCIÓN, ETC.
Lugar de publicación, distribución, etc. Barcelona :
Nombre del editor, distribuidor, etc. Ramón Sopena,
Fecha de publicación, distribución, etc. 1966.
300 ## - DESCRIPCIÓN FÍSICA
Extensión 689 p. :
Otras características físicas il., retrs. ;
Dimensiones 23 cm.
490 1# - MENCIÓN DE SERIE
Mención de serie Biblioteca Hispania
650 #0 - PUNTO DE ACCESO ADICIONAL DE MATERIA--TÉRMINO DE MATERIA
Término de materia o nombre geográfico como elemento de entrada Historia universal
9 (RLIN) 933
650 #4 - PUNTO DE ACCESO ADICIONAL DE MATERIA--TÉRMINO DE MATERIA
Término de materia o nombre geográfico como elemento de entrada Civilización
Subdivisión general Historia
9 (RLIN) 4894
830 #0 - PUNTO DE ACCESO ADICIONAL DE SERIE-TÍTULO UNIFORME
Título uniforme Biblioteca Hispania
9 (RLIN) 44384
910 ## - DATOS DE OPCIÓN DEL USUARIO (OCLC)
Datos de opción del usuario Validado. Control de calidad MFF
Holdings
Estado de retiro Estado de pérdida Restricciones de uso No para préstamo Código de colección Localización permanente Ubicación/localización actual Ubicación en estantería Fecha de adquisición Número de inventario Total de préstamos Signatura topográfica completa Código de barras Fecha visto por última vez Precio válido a partir de Tipo de ítem Koha Nota pública
      Excluido de préstamo Raros y valiosos General General Depósito 06.08.2013 LF1   909 R811c 40096-10 25.06.2020 25.06.2020 No se presta Perteneció a la biblioteca personal de Aída Cartagena Portalatín

Powered by Koha